000 00614nam a2200217Ia 4500
008 180523s9999 xx 000 0 und d
020 _a0-13-146738-7
050 _aMAIN LB 1027.42
050 _b.W44 2004
100 _aWee Heng Neo, Lynda.
245 0 _aJump start authentic problem-based learning /
245 0 _cLynda Wee Heng Neo.
260 _aSingapore :
260 _bPearson Education South Asia,
260 _c2004
300 _a188 pages :
300 _billustrations ;
300 _c23 cm.
500 _aIncludes bibliographical references and index.
650 _aProblem-based learning.
999 _c357309
_d357309